Normal view
MARC view
- May, Matthew
Entry Personal Name
001 - CONTROL NUMBER
- control field: 59290
003 - CONTROL NUMBER IDENTIFIER
- control field: NUST
005 - DATE AND TIME OF LATEST TRANSACTION
- control field: 20210628202318.0
008 - FIXED-LENGTH DATA ELEMENTS
- fixed length control field: 210628|| aca||aabn | a|a d
040 ## - CATALOGING SOURCE
- Original cataloging agency: NUST
- Transcribing agency: NUST
100 ## - HEADING--PERSONAL NAME
- Personal name: May, Matthew
670 ## - SOURCE DATA FOUND
- Source citation: Work cat.: (NUST): May, Matthew, Absolute impact the drive for personal leadership, 2003
